000 00325 a2200133 4500
001 12583
090 _c9596
_d9596
100 _aBall,R.E
245 _aFundamentals of Aircraft Combat Survivability Analysis and Design,2/e
250 _a2
260 _aUSA
_bAIAA Edu Serties, USA
_c2003
300 _axiv, 889 p.
505 _aCD/DVD
942 _aNUST-CAE
999 _c247656
_d247656